Nghiên cứu cân bằng và sử dụng bảo vệ nguồn nước một vùng nam tỉnh Bình Định đến năm 2010

Mở đầu; Điều kiện tự nhiên - kinh tế xã hội; Phương hướng phát triển kinh tế xã hội vùng nam tỉnh Bình Định đến năm 2010; Tài nguyên nước mặt; Tính toán nhu cầu nước; Tính toán cân bằng nước; Sơ đồ phát triển hệ thống công trình cấp nước; Kết luận và kiến nghị....

Full beskrivning

Sparad:
Bibliografiska uppgifter
Huvudupphovsman: Nguyễn Hữu Vui.
Övriga upphovsmän: Nguyễn Quang Đoàn, PGS.PTS. (hướng dẫn.)
Materialtyp: Bok
Språk:Vietnamese
Publicerad: Đà Nẵng : Đại học Đà Nẵng, 1999.
Ämnen:
Taggar: Lägg till en tagg
Inga taggar, Lägg till första taggen!
Thư viện lưu trữ: Mạng thư viện Đại học Đà Nẵng
LEADER 01746cam a2200373 a 4500
001 000042293
003 167
005 20060302094545.0
008 010226b1999 vm 000 vie
040 |a LRC  |c LRC  |d LRC 
041 0 |a vie 
082 1 4 |a 627.4  |b NG-V 
100 1 |a Nguyễn Hữu Vui. 
245 1 0 |a Nghiên cứu cân bằng và sử dụng bảo vệ nguồn nước một vùng nam tỉnh Bình Định đến năm 2010  |h [Thesis-Luận văn] /  |c Nguyễn Hữu Vui thực hiện ; Nguyễn Quang Đoàn hướng dẫn. 
260 |a Đà Nẵng :  |b Đại học Đà Nẵng,  |c 1999. 
300 |a 200 tr. :  |b mh. ;  |c 29 cm. 
520 3 |a Mở đầu; Điều kiện tự nhiên - kinh tế xã hội; Phương hướng phát triển kinh tế xã hội vùng nam tỉnh Bình Định đến năm 2010; Tài nguyên nước mặt; Tính toán nhu cầu nước; Tính toán cân bằng nước; Sơ đồ phát triển hệ thống công trình cấp nước; Kết luận và kiến nghị. 
630 0 4 |a Nguồn nước mặt. 
630 0 4 |a Thuỷ lợi. 
650 0 4 |a Nguồn nước mặt  |z Bình Định. 
700 1 |a Nguyễn Quang Đoàn,  |c PGS.PTS.,  |e hướng dẫn. 
OWN |a DUT 
AVA |a UDN50  |b DUT  |c Internal Resources  |d 627.4 NG-V  |e available  |t Error 5001 Not defined in file expand_doc_bib_avail.  |f 1  |g 0  |h N  |i 0  |j NS  |k 1 
999 |a From the UDN01 
AVA |a UDN50  |b DUT  |c Internal Resources  |d 627.4 NG-V  |e available  |t Error 5001 Not defined in file expand_doc_bib_avail.  |f 1  |g 0  |h N  |i 0  |j NS  |k 1 
TYP |a Mixed Materials 
TYP |a Monograph 
TYP |a Printed language 
980 |a Mạng thư viện Đại học Đà Nẵng